000 01634cam a22004097a 4500
001 2150
003 FISKH
005 20231107144725.0
008 121127s2012 nyu j 000 1 eng d
010 _a 2012418602
016 7 _a016076993
_2Uk
020 _a9780545298889
020 _a9780545298834
020 _a0545298881
035 _a(OCoLC)ocn764385227
040 _aBTCTA
_beng
_cBTCTA
_dBDX
_dUKMGB
_dHSA
_dJAG
_dXYZ
_dCO2
_dORX
_dJP7
_dDLC
042 _alccopycat
050 0 0 _aPZ7.W72934
_bMin 2012
082 0 4 _a813.6
_223
100 1 _aWinkler, Henry,
_d1945-
245 1 0 _aMind if I read your mind? /
_cHenry Winkler and Lin Oliver.
260 _aNew York :
_bScholastic,
_c2012.
300 _a172 pages ;
_c20 cm
490 0 _aGhost buddy ;
_vBook 2
505 _aR
520 _aIt's time for Moorepark Middle School's annual Speak Out Challenge, and Billy Broccoli thinks he's got it made. With his best friend Hoover Porterhouse -the ghost with the most-by his side, Billy's got the competition in the bag. Who wouldn't vote for a demonstration on mind reading? But when Billy lands a spot on the seventh grade team, he starts spending more time with his new teammates than he does with Hoover. And the Hoove plays second fiddle to no one!.
521 8 _a770
_bLexile
521 8 _aR
_bRaz-Plus
650 0 _aFriendship
_vJuvenile fiction.
650 0 _aSchools
_vJuvenile fiction.
650 1 _aGhosts
_vFiction.
650 1 _aSchools
_vFiction.
650 1 _aTelepathy
_vFiction.
700 1 _aOliver, Lin.
_eAuthor
906 _a7
_bcbc
_ccopycat
_d2
_encip
_f20
_gy-gencatlg
942 _2ddc
_cBK
_n0
999 _c2150
_d2150